Statistics for Soccer Alphabet Chain

Click here to take the quiz!

General Stats

  • This quiz has been taken 48 times
    (38 since last reset)
  • The average score is 8 of 20

Answer Stats

HintChain% Correct
A first appearance in a league or for a club...Debut
91%
Star striker for PSG, was on Barcelona...Messi
88%
Not a forward, midfielder, or goalie but a...Defender
85%
A warning after a foul, if you get two you get sent off...Yellow Card
76%
Taking the ball from the opponent, standing or sliding...Tackle
71%
Another word for a coach...Manager
68%
Star striker for Man United, was on Juventus...Ronaldo
62%
Not a club team, but a...National Team
53%
To hit the woodwork, but not the post...Crossbar
41%
Not shooting, passing, or releasing the ball, but...Dribbling
41%
A club's place in the standings...Ranking
38%
A friendly game between two countries...International Friendly
24%
A number that shows a club's wins, draws, and losses...Record
24%
A game that doesn't count for standings of any sort...Exhibition Game
21%
To have speed and strength for a long period of time...Endurance
15%
Being taken advantage of or not covering an area...Exposed
12%
Offsides was created to prevent this...Goal Hanging
12%
A player that has lots of speed and runs around a lot is...Energetic
6%
To be pulled toward one side or space, often with the ball...Gravitate
6%
A player does this on a corner, throw-in, or free-kick...Guard A Man
3%

Score Distribution

Percentile by Number Answered

Percent of People with Each Score

Your Score History

You have not taken this quiz since the last reset